000 01036cad a22002535a 4500
001 L137223
008 070323s1996 xxkd f 100 0 eng d
020 _a0854069305
035 _a(Sirsi) u137223
041 0 _aeng
050 0 4 _a333.332 $2 18
100 1 _aSmith, Andrew
245 0 0 _aCommercial property analysis and advice
_binformation holds the key
_h[electronic resource]
260 _aLondon
_bRICS
_c1996
490 0 _aRICS Cutting Edge
_v1996
520 _aExamines the information requirements of commercial property advisors and analysts and assesses of current property information sources.
651 4 _aEngland and Wales
_y1543-
690 _aPROPERTY-COMMERCIAL PROPERTY-COMMERCIAL PROPERTY APPRAISAL AND VALUATION
700 1 _aWyatt, Peter
710 2 _aRoyal Institution of Chartered Surveyors
_bResearch
_94902
711 2 _aCutting Edge
_d1996
856 4 0 _uhttps://www.rics.org/Global/Downloads/CommercialPropertyAnalysisAdvice1996.pdf
_zView the research free of charge at www.rics.org...
942 _n0
999 _c106696
_d106696